Careers in marketing /

Bibliographic Details
Main Author: Stair, Lila B.
Format: Book
Language:English
Published: Lincolnwood, Ill., USA : VGM Career Horizons, [1995]
Series:VGM professional careers series.
Subjects:

MARC

Tag First Indicator Second Indicator Subfields
LEADER 00000cam a2200000 a 4500
001 in00001402394
005 20151020055344.0
008 950111s1995 ilua b 001 0 eng
010 |a  95000779  
020 |a 0844244643 
020 |a 0844244651 (pbk.) 
035 |a (OCoLC)31936110 
035 |9 AHN4263AM 
040 |a DLC  |c DLC  |d TXA  |d UtOrBLW 
049 |a TXAM 
050 0 0 |a HF5415.122  |b .S72 1995 
082 0 0 |a 658.8/023  |2 20 
100 1 |a Stair, Lila B. 
245 1 0 |a Careers in marketing /  |c Lila B. Stair. 
264 1 |a Lincolnwood, Ill., USA :  |b VGM Career Horizons,  |c [1995] 
264 4 |c ©1995 
300 |a xi, 144 pages :  |b illustrations ;  |c 25 cm. 
336 |a text  |b txt  |2 rdacontent 
337 |a unmediated  |b n  |2 rdamedia 
338 |a volume  |b nc  |2 rdacarrier 
490 1 |a VGM professional careers series 
504 |a Includes bibliographical references (pages 138-140) and index. 
650 0 |a Marketing  |x Vocational guidance. 
830 0 |a VGM professional careers series. 
948 |a c:blr  |d 20030415 
999 |a MARS 
999 f f |s 9504088b-06b0-33ba-97f7-9c71b176136f  |i fedcd683-9ebd-34ec-a3a7-b5e5648d54ac  |t 0 
952 f f |p ric  |a Texas A&M University  |b Rellis Campus  |c Joint Library Facility  |d Remote Storage  |t 0  |e HF5415.122 .S72 1995  |h Library of Congress classification  |i unmediated -- volume  |m A14833906282 
998 f f |a HF5415.122 .S72 1995  |t 0  |l Remote Storage